000 00510nam a2200157 a 4500
001 000036110
005 20200930074903.0
008 111108s2011 dr ac 000 0 spa d
020 _a9789945164497
040 _aDO-SdBNP
_bspa
_cBNPHU
100 1 _aPérez Incháustegui, Josefina
_955372
245 1 0 _aAlbores de la vida III :
_bpoemas familiares y religiosos /
_cJosefina Pérez Incháustegui.
260 _aSanto Domingo :
_bEditora Búho,
_c2011.
300 _a75 p. :
_bil., retrs. ;
_c16 cm.
049 _aBNPD
999 _c35601
_d35601